Normal view
MARC view
Entry Topical Term
001 - CONTROL NUMBER
- control field: 8150
003 - CONTROL NUMBER IDENTIFIER
- control field: BD-RjUL
005 - DATE AND TIME OF LATEST TRANSACTION
- control field: 20230727153234.0
008 - FIXED-LENGTH DATA ELEMENTS
- fixed length control field: 230727|| aca||aabn | a|a d
040 ## - CATALOGING SOURCE
- Original cataloging agency: BD-RjUL
- Transcribing agency: BD-RjUL
150 ## - HEADING--TOPICAL TERM
- Topical term or geographic name entry element: শিক্ষার প্রকৃতি
- Form subdivision: ১২০০-১৮৫৮ খ্রি
670 ## - SOURCE DATA FOUND
- Source citation: Work cat.: (BD-RjUL)81612: হোসেন, মো. ইব্রাহিম 8148, বরেন্দ্র অঞ্চলে শিক্ষার প্রকৃতি ও ধারা, ১২০০-১৮৫৮ খ্রি /, ২০২০